Methods in development research (Record no. 2425)

MARC details
000 -LEADER
fixed length control field 00539 a2200181 4500
001 - CONTROL NUMBER
control field 068775
003 - CONTROL NUMBER IDENTIFIER
control field OSt
005 - DATE AND TIME OF LATEST TRANSACTION
control field 20220319134154.0
008 - FIXED-LENGTH DATA ELEMENTS--GENERAL INFORMATION
fixed length control field
082 ## - DEWEY DECIMAL CLASSIFICATION NUMBER
Classification number 001.42
Item number M56M
245 1# - TITLE STATEMENT
Title Methods in development research
Statement of responsibility, etc edited by Jeremy Holland and John Campbell
260 ## - PUBLICATION, DISTRIBUTION, ETC. (IMPRINT)
Place of publication, distribution, etc UK
Name of publisher, distributor, etc ITDG Publication
Date of publication, distribution, etc 2006
300 ## - PHYSICAL DESCRIPTION
Extent 290p.
690 ## - LOCAL SUBJECT ADDED ENTRY--TOPICAL TERM (OCLC, RLIN)
Topical term or geographic name as entry element Management science; Economic development--Research--Methodology
700 ## - ADDED ENTRY--PERSONAL NAME
Personal name Holland, Jeremy
Relator term Editor
700 ## - ADDED ENTRY--PERSONAL NAME
Personal name Campbell, John
Relator term Editor
942 ## - ADDED ENTRY ELEMENTS (KOHA)
Source of classification or shelving scheme Dewey Decimal Classification
Koha item type Books
Holdings
Withdrawn status Lost status Source of classification or shelving scheme Damaged status Not for loan Collection code Home library Current library Date acquired Source of acquisition Cost, normal purchase price Total Checkouts Full call number Barcode Date last seen Date checked out Price effective from Koha item type
    Dewey Decimal Classification     General Text Book Central University Of Rajasthan Central University Of Rajasthan 07/03/2012 ECO 1267.99 1 001.42 M56M 3062 21/11/2024 30/08/2024 02/09/2020 Books